[Event "BIH-chT 11th"]
[Site "Jahorina"]
[Date "2012.06.05"]
[Round "4.1"]
[White "Plakalovic, Predrag"]
[Black "Terzic, Ilijas"]
[Result "1/2-1/2"]
[WhiteElo "2262"]
[BlackElo "2212"]
[PlyCount "32"]
[EventDate "2012.06.02"]
[EventType "team-tourn"]
[EventRounds "9"]
[EventCountry "BIH"]
[SourceTitle "CBM 148 Extra"]
[Source "ChessBase"]
[SourceDate "2012.06.22"]
[SourceVersion "1"]
[SourceVersionDate "2012.06.22"]
[SourceQuality "1"]
[WhiteTeam "Sokolac"]
[BlackTeam "Sarajevo Napredak"]
[WhiteTeamCountry "BIH"]
[BlackTeamCountry "BIH"]

1. e4 c5 2. Nf3 e6 3. b3 d6 4. Bb2 e5 5. Bb5+ Nc6 6. 0-0 Nf6 7. Re1 Be7 8. c3 0-0 9. d4 Bd7 10. Nbd2 Nxd4 11. cxd4 Bxb5 12. dxe5 dxe5 13. Nxe5 Re8 14. Ndc4 Qxd1 15. Raxd1 Rad8 16. f3 Nd7 1/2-1/2

[Event "EU-Cup 27th"]
[Site "Rogaska Slatina"]
[Date "2011.10.01"]
[Round "7"]
[White "Podkriznik, Gregor"]
[Black "Plakalovic, Predrag"]
[Result "1/2-1/2"]
[WhiteElo "2332"]
[BlackElo "2258"]
[PlyCount "49"]
[EventDate "2011.09.25"]
[EventType "team-swiss"]
[EventRounds "7"]
[EventCountry "SLO"]
[SourceTitle "CBM 145"]
[Source "ChessBase"]
[SourceDate "2011.11.11"]
[SourceVersion "1"]
[SourceVersionDate "2011.11.11"]
[SourceQuality "1"]
[WhiteTeam "Ptuj"]
[BlackTeam "Glasinac"]
[WhiteTeamCountry "SLO"]
[BlackTeamCountry "BIH"]

1. c4 Nf6 2. Nc3 g6 3. e4 d6 4. d4 Bg7 5. Nf3 0-0 6. Be2 e5 7. 0-0 Nc6 8. d5 Ne7 9. b4 Nd7 10. a4 f5 11. Ng5 Nf6 12. f3 h6 13. Ne6 Bxe6 14. dxe6 c6 15. Be3 Kh7 16. a5 Ne8 17. a6 b6 18. b5 f4 19. Bc1 c5 20. Ra2 Qc8 21. Rf2 Qxe6 22. Bf1 Nf6 23. g4 Ne8 24. h4 Bf6 25. Rh2 1/2-1/2

[Event "EU-Cup 27th"]
[Site "Rogaska Slatina"]
[Date "2011.09.29"]
[Round "5"]
[White "Andriasian, Zaven"]
[Black "Plakalovic, Predrag"]
[Result "1-0"]
[WhiteElo "2615"]
[BlackElo "2258"]
[PlyCount "81"]
[EventDate "2011.09.25"]
[EventType "team-swiss"]
[EventRounds "7"]
[EventCountry "SLO"]
[SourceTitle "CBM 145"]
[Source "ChessBase"]
[SourceDate "2011.11.11"]
[SourceVersion "1"]
[SourceVersionDate "2011.11.11"]
[SourceQuality "1"]
[WhiteTeam "Yerevan Mika"]
[BlackTeam "Glasinac"]
[WhiteTeamCountry "ARM"]
[BlackTeamCountry "BIH"]

1. e4 e5 2. Nf3 Nc6 3. Bb5 a6 4. Ba4 Nf6 5. 0-0 Be7 6. Re1 b5 7. Bb3 0-0 8. d4 d6 9. c3 Bg4 10. Be3 Bd7 11. Nbd2 Ng4 12. Nf1 Nxe3 13. Nxe3 Bf6 14. a4 Rb8 15. h3 g6 16. axb5 axb5 17. Nd5 Bg7 18. Qd3 exd4 19. cxd4 Nxd4 20. Nxd4 c5 21. Nf5 gxf5 22. exf5 c4 23. Qg3 Kh8 24. Bc2 Rg8 25. Ne7 Bxb2 26. Nxg8 Bxa1 27. Rxa1 Bc6 28. Nh6 Qf6 29. Nxf7+ Qxf7 30. Qxd6 Rc8 31. Ra6 Qd5 32. Qf6+ Kg8 33. Qg5+ Kh8 34. Ra3 Qg8 35. Qf6+ Qg7 36. Qxg7+ Kxg7 37. Ra7+ Kf6 38. f4 h5 39. g4 hxg4 40. hxg4 Rg8 41. g5+ 1-0

[Event "Gorazde op"]
[Site "Gorazde"]
[Date "2011.09.18"]
[Round "7"]
[White "Plakalovic, Predrag"]
[Black "Pestek, Elvis"]
[Result "1-0"]
[WhiteElo "2258"]
[BlackElo "2002"]
[PlyCount "71"]
[EventDate "2011.09.15"]
[EventType "swiss"]
[EventRounds "7"]
[EventCountry "BIH"]
[SourceTitle "CBM 144 Extra"]
[Source "ChessBase"]
[SourceDate "2011.10.28"]
[SourceVersion "1"]
[SourceVersionDate "2011.10.28"]
[SourceQuality "1"]

1. e4 e6 2. d3 d5 3. Nd2 Nf6 4. Ngf3 c5 5. g3 Nc6 6. Bg2 Be7 7. 0-0 b6 8. Re1 dxe4 9. dxe4 Bb7 10. e5 Nd5 11. c3 Qd7 12. Nc4 h6 13. a4 0-0-0 14. Qb3 Ba6 15. Nfd2 Qc7 16. Bf1 Qb7 17. Nb1 Na5 18. Nxa5 bxa5 19. Bxa6 Qxa6 20. Na3 Qb6 21. Qc2 Rd7 22. Qe2 Bd8 23. Nc4 Qc6 24. Bd2 Bc7 25. Rec1 Qa6 26. Rab1 Kd8 27. b4 axb4 28. cxb4 cxb4 29. Bxb4 Nb6 30. Ba5 Nd5 31. Rb8+ Ke7 32. Rxh8 Bxa5 33. Qg4 Rd8 34. Qxg7 Rxh8 35. Qxh8 Bc7 36. Ne3 1-0

[Event "EU-Cup 26th"]
[Site "Plovdiv"]
[Date "2010.10.21"]
[Round "5.5"]
[White "Plakalovic, Predrag"]
[Black "Keler, Faruk"]
[Result "1-0"]
[WhiteElo "2222"]
[BlackElo "2226"]
[PlyCount "45"]
[EventDate "2010.10.17"]
[EventType "team-swiss"]
[EventRounds "7"]
[EventCountry "BUL"]
[SourceTitle "CBM 139"]
[Source "ChessBase"]
[SourceDate "2010.11.18"]
[SourceVersion "1"]
[SourceVersionDate "2010.11.18"]
[SourceQuality "1"]
[WhiteTeam "Glasinac"]
[BlackTeam "Manisa Doruk Koleji"]
[WhiteTeamCountry "BIH"]
[BlackTeamCountry "TUR"]

1. e4 c5 2. Nf3 d6 3. c3 Nf6 4. Be2 Nbd7 5. d3 b6 6. 0-0 Bb7 7. Nbd2 g6 8. a4 Bg7 9. a5 0-0 10. Re1 e5 11. b4 d5 12. Bf1 Re8 13. Qb3 b5 14. Ba3 c4 15. dxc4 dxc4 16. Nxc4 Nxe4 17. Ne3 a6 18. Rad1 Qc7 19. c4 bxc4 20. Bxc4 Ndf6 21. Rc1 Qd7 22. Red1 Nd6 23. Ng5 1-0

[Event "EU-Cup 26th"]
[Site "Plovdiv"]
[Date "2010.10.20"]
[Round "4.5"]
[White "Ivanov, Oleg V"]
[Black "Plakalovic, Predrag"]
[Result "1-0"]
[WhiteElo "2482"]
[BlackElo "2222"]
[PlyCount "89"]
[EventDate "2010.10.17"]
[EventType "team-swiss"]
[EventRounds "7"]
[EventCountry "BUL"]
[SourceTitle "CBM 139"]
[Source "ChessBase"]
[SourceDate "2010.11.18"]
[SourceVersion "1"]
[SourceVersionDate "2010.11.18"]
[SourceQuality "1"]
[WhiteTeam "Rivne Bisons"]
[BlackTeam "Glasinac"]
[WhiteTeamCountry "UKR"]
[BlackTeamCountry "BIH"]

1. e4 e5 2. Nf3 Nc6 3. Bb5 a6 4. Ba4 Nf6 5. 0-0 Be7 6. Re1 b5 7. Bb3 0-0 8. c3 d6 9. a4 b4 10. h3 Rb8 11. d4 bxc3 12. bxc3 exd4 13. Nxd4 Nxd4 14. cxd4 d5 15. e5 Ne4 16. Bc2 f5 17. Ba3 Bxa3 18. Rxa3 Qh4 19. Re2 Rb4 20. Nc3 Be6 21. Nxe4 fxe4 22. Qd2 c5 23. dxc5 Rfb8 24. f3 Qg3 25. Qc1 Qxe5 26. fxe4 dxe4 27. Qe3 Bd5 28. Rc3 Bc6 29. Rb3 h6 30. Qc3 Qxc3 31. Rxc3 a5 32. Kf2 Rf8+ 33. Ke3 Bxa4 34. Bxa4 Rxa4 35. c6 Rc8 36. Rd2 Kf8 37. Rd7 Rb4 38. c7 Ke8 39. Rxg7 a4 40. Rc5 a3 41. Rg8+ Kd7 42. Rd5+ Kxc7 43. Rc5+ Kb6 44. Rcxc8 Ra4 45. Ra8 1-0

[Event "BIH-chT 9th"]
[Site "Bihac"]
[Date "2010.06.05"]
[Round "1"]
[White "Plakalovic, Predrag"]
[Black "Arapovic, Vitomir"]
[Result "1/2-1/2"]
[WhiteElo "2245"]
[BlackElo "2366"]
[PlyCount "22"]
[EventDate "2010.06.05"]
[EventType "team-tourn"]
[EventRounds "9"]
[EventCountry "BIH"]
[SourceTitle "EXT 2019"]
[Source "ChessBase"]
[SourceDate "2018.10.10"]
[SourceVersion "1"]
[SourceVersionDate "2018.10.10"]
[SourceQuality "1"]
[WhiteTeam "Sokolac Glasinac"]
[BlackTeam "Sarajevo SK Slavija Istocno"]
[WhiteTeamCountry "BIH"]
[BlackTeamCountry "BIH"]

1. e4 e6 2. d4 d5 3. e5 c5 4. c3 Nc6 5. Nf3 Nge7 6. Bd3 cxd4 7. cxd4 Nf5 8. Bxf5 exf5 9. 0-0 Be6 10. Nc3 h6 11. Qb3 Qd7 1/2-1/2

[Event "Gorazde op"]
[Site "Gorazde"]
[Date "2009.11.13"]
[Round "3"]
[White "Alihodzic, Muzafer"]
[Black "Plakalovic, Predrag"]
[Result "0-1"]
[WhiteElo "2111"]
[BlackElo "2216"]
[PlyCount "108"]
[EventDate "2009.11.12"]
[EventType "swiss"]
[EventRounds "7"]
[EventCountry "BIH"]
[SourceTitle "EXT 2011"]
[Source "ChessBase"]
[SourceDate "2010.11.26"]
[SourceVersion "1"]
[SourceVersionDate "2010.11.26"]
[SourceQuality "1"]

1. e4 e5 2. g3 Nc6 3. Bg2 Nf6 4. Ne2 Bc5 5. c3 d6 6. h3 Bd7 7. d4 Bb6 8. Be3 Qc8 9. Nd2 0-0 10. Nc4 exd4 11. cxd4 Re8 12. Nc3 Na5 13. Nd2 h6 14. g4 Qd8 15. 0-0 c5 16. d5 c4 17. Qf3 Rc8 18. g5 Bxe3 19. Qxe3 hxg5 20. Qxg5 b5 21. a3 Nb7 22. f4 Qb6+ 23. Kh2 Qe3 24. Rad1 Re5 25. Rf3 Rxg5 26. Rxe3 Rh5 27. Kg1 Nc5 28. e5 Re8 29. Nf3 a5 30. Rde1 Nd3 31. Rxd3 cxd3 32. exf6 Rxe1+ 33. Nxe1 d2 34. Nd3 Bf5 35. Nf2 b4 36. axb4 axb4 37. Nb5 Rh4 38. Bf3 Rxf4 39. Bd1 Bd7 40. Nxd6 Rxf6 41. Nde4 Rg6+ 42. Kf1 Ra6 43. Nxd2 Ra2 44. Nc4 Bb5 45. b3 Rd2 46. Bf3 Bxc4+ 47. bxc4 b3 48. Be4 b2 49. Ke1 Rd4 50. Bb1 Rxc4 51. Nd3 Rc1+ 52. Kd2 Rxb1 53. Kc2 Rd1 54. Nxb2 Rxd5 0-1

[Event "Gorazde op"]
[Site "Gorazde"]
[Date "2009.11.13"]
[Round "4"]
[White "Plakalovic, Predrag"]
[Black "Sutkovic, Damir"]
[Result "1-0"]
[WhiteElo "2216"]
[BlackElo "2297"]
[PlyCount "109"]
[EventDate "2009.11.12"]
[EventType "swiss"]
[EventRounds "7"]
[EventCountry "BIH"]
[SourceTitle "EXT 2011"]
[Source "ChessBase"]
[SourceDate "2010.11.26"]
[SourceVersion "1"]
[SourceVersionDate "2010.11.26"]
[SourceQuality "1"]

1. e4 c6 2. d4 d5 3. Nc3 dxe4 4. Nxe4 Nd7 5. Ng5 Ngf6 6. Bd3 e6 7. N1f3 Bd6 8. Qe2 h6 9. Ne4 Nxe4 10. Qxe4 Nf6 11. Qe2 Qc7 12. Bd2 b6 13. 0-0-0 Bb7 14. Kb1 0-0-0 15. c4 Rhe8 16. Bc3 c5 17. a3 Kb8 18. Rhe1 Ka8 19. Bc2 Rc8 20. dxc5 Bxc5 21. Be5 Qc6 22. Bg3 Red8 23. Ne5 Qe8 24. Rxd8 Rxd8 25. Rd1 Rxd1+ 26. Qxd1 Ne4 27. Ba4 Qc8 28. Bd7 Qc7 29. Nxf7 Nxg3 30. fxg3 e5 31. Be6 Bd4 32. Qg4 a6 33. Qxg7 Be4+ 34. Ka2 b5 35. Qf8+ Ka7 36. Qd6 Qxd6 37. Nxd6 Bxg2 38. Bd5 Bf1 39. g4 bxc4 40. h4 c3 41. bxc3 Bxc3 42. g5 hxg5 43. hxg5 Bd3 44. Be4 Bd2 45. g6 Bxe4 46. Nxe4 Bh6 47. Ng3 Kb7 48. Nf5 Bf8 49. g7 Bxg7 50. Nxg7 e4 51. Nf5 Kc7 52. Kb3 Kc6 53. Kb4 Kb6 54. Nd6 a5+ 55. Ka4 1-0

[Event "Gorazde op 1st"]
[Site "Gorazde"]
[Date "2008.11.07"]
[Round "3"]
[White "Plakalovic, Predrag"]
[Black "Konjicanin, Muris"]
[Result "1-0"]
[WhiteElo "2179"]
[BlackElo "2251"]
[PlyCount "87"]
[EventDate "2008.11.06"]
[EventType "swiss"]
[EventRounds "7"]
[EventCountry "BIH"]
[SourceTitle "EXT 2010"]
[Source "ChessBase"]
[SourceDate "2010.11.25"]
[SourceVersion "1"]
[SourceVersionDate "2010.11.25"]
[SourceQuality "1"]

1. e4 e6 2. d3 c5 3. g3 Nc6 4. Bg2 g6 5. Nf3 Bg7 6. c3 Nge7 7. Nbd2 b6 8. 0-0 0-0 9. Re1 d5 10. e5 a5 11. Nf1 Ba6 12. h4 h6 13. N1h2 Ra7 14. Bf4 a4 15. Qd2 Kh7 16. Bh3 d4 17. c4 b5 18. b3 bxc4 19. bxc4 Rb7 20. Qe2 Qa8 21. Ng4 Rfb8 22. Nf6+ Kh8 23. Bg2 Rb2 24. Qd1 a3 25. Nd7 Qa7 26. Nxb8 Rxb8 27. Rb1 Nb4 28. Qd2 Kh7 29. Rb3 Bb7 30. Reb1 Nec6 31. Qe2 Qa8 32. Ne1 Qa4 33. Bc1 Nxe5 34. Rxa3 Qe8 35. Bf4 Bxg2 36. Bxe5 Ra8 37. Rxa8 Bxa8 38. Bxg7 Qc6 39. f3 Kxg7 40. Rb3 Na6 41. Qe4 Qc8 42. Qe5+ Kh7 43. Qd6 Bb7 44. Qe7 1-0

[Event "BIH-chT 7th"]
[Site "Neum"]
[Date "2008.06.05"]
[Round "2"]
[White "Arapovic, Vitomir"]
[Black "Plakalovic, Predrag"]
[Result "1-0"]
[WhiteElo "2374"]
[BlackElo "2187"]
[PlyCount "111"]
[EventDate "2008.06.04"]
[EventType "team-tourn"]
[EventRounds "9"]
[EventCountry "BIH"]
[SourceTitle "EXT 2019"]
[Source "ChessBase"]
[SourceDate "2018.10.10"]
[SourceVersion "1"]
[SourceVersionDate "2018.10.10"]
[SourceQuality "1"]
[WhiteTeam "Sarajevo SK Slavija Istocno"]
[BlackTeam "Sokolac Glasinac"]
[WhiteTeamCountry "BIH"]
[BlackTeamCountry "BIH"]

1. e4 e5 2. Nf3 Nc6 3. Bb5 a6 4. Ba4 Nf6 5. 0-0 Be7 6. Bxc6 dxc6 7. d3 Nd7 8. Nbd2 0-0 9. Nc4 f6 10. a4 Nc5 11. b3 Re8 12. h3 Be6 13. Nh2 Qd7 14. Kh1 Rad8 15. Be3 Bxc4 16. bxc4 Ne6 17. f4 exf4 18. Bxf4 Nxf4 19. Rxf4 Bd6 20. Rf1 Bxh2 21. Kxh2 b6 22. Qe1 Re5 23. Qg3 Rg5 24. Qf2 a5 25. Qf4 c5 26. Rf3 Re8 27. c3 Rge5 28. Qg3 R8e6 29. Rxf6 Rxe4 30. Rf3 R4e5 31. Raf1 Qe7 32. d4 Re2 33. Rf7 Qxf7 34. Rxf7 Kxf7 35. Qxc7+ Kf8 36. dxc5 Rg6 37. Qc8+ Re8 38. Qf5+ Rf6 39. Qxh7 bxc5 40. Qh8+ Kf7 41. Qh5+ Kf8 42. Qxc5+ Kf7 43. Qxa5 Ree6 44. Qd5 Kf8 45. c5 Ke8 46. c6 Rxc6 47. Qg8+ Kd7 48. Qxg7+ Kc8 49. h4 Rf4 50. g4 Rf3 51. c4 Rb6 52. Qg8+ Kc7 53. Qh7+ Kd8 54. Qh8+ Kc7 55. Qe5+ Kc8 56. Qc5+ 1-0

[Event "BIH-chT 6th"]
[Site "Vogosca"]
[Date "2007.06.07"]
[Round "6"]
[White "Puric, Nenad"]
[Black "Plakalovic, Predrag"]
[Result "1-0"]
[WhiteElo "2275"]
[BlackElo "2197"]
[PlyCount "113"]
[EventDate "2007.06.02"]
[EventType "team-tourn"]
[EventRounds "9"]
[EventCountry "BIH"]
[SourceTitle "EXT 2019"]
[Source "ChessBase"]
[SourceDate "2018.10.10"]
[SourceVersion "1"]
[SourceVersionDate "2018.10.10"]
[SourceQuality "1"]
[WhiteTeam "Bijeljina SK Panteri"]
[BlackTeam "Sokolac Glasinac"]
[WhiteTeamCountry "BIH"]
[BlackTeamCountry "BIH"]

1. e4 e5 2. Nf3 Nc6 3. Bb5 a6 4. Ba4 Nf6 5. d3 b5 6. Bb3 Be7 7. 0-0 0-0 8. Nc3 d6 9. h3 Na5 10. Bd2 Nxb3 11. axb3 Bb7 12. Ne2 d5 13. Nxe5 dxe4 14. d4 c5 15. dxc5 Bxc5 16. Bg5 Be7 17. Bxf6 Bxf6 18. Nd7 Re8 19. Nxf6+ Qxf6 20. Qd4 Qg5 21. Qe3 Qg6 22. Rfd1 Rad8 23. Rd4 Rxd4 24. Nxd4 Qd6 25. c3 g6 26. Re1 Rf8 27. Nc2 Qd5 28. b4 f5 29. g3 Qd7 30. h4 Rd8 31. Nd4 Qd6 32. Qg5 Rf8 33. h5 Qf6 34. Qxf6 Rxf6 35. hxg6 hxg6 36. f3 exf3 37. Kf2 Rd6 38. Re7 Be4 39. Re6 Rxe6 40. Nxe6 Bb7 41. Nc5 Bc8 42. Kxf3 Kf7 43. b3 g5 44. Ke3 Kg6 45. c4 Kh5 46. Kf3 Kg6 47. Nd3 Be6 48. Ke3 Kh5 49. Ne5 Kh6 50. c5 Kg7 51. Kd4 Kf6 52. c6 f4 53. gxf4 gxf4 54. c7 Ke7 55. Kc5 Bh3 56. Ng6+ Kd7 57. Nxf4 1-0

[Event "EU-Cup 19th"]
[Site "Rethymno"]
[Date "2003.10.03"]
[Round "6.5"]
[White "Plakalovic, Predrag"]
[Black "Aulin Jansson, Joran"]
[Result "1-0"]
[WhiteElo "2168"]
[BlackElo "2256"]
[PlyCount "75"]
[EventDate "2003.09.28"]
[EventType "team-swiss"]
[EventRounds "7"]
[EventCountry "GRE"]
[SourceTitle "CBM 098"]
[Source "ChessBase"]
[SourceDate "2004.02.03"]
[SourceVersion "1"]
[SourceVersionDate "2004.02.03"]
[SourceQuality "1"]
[WhiteTeam "Glasinac"]
[BlackTeam "Asker"]
[WhiteTeamCountry "BIH"]
[BlackTeamCountry "NOR"]

1. e4 c5 2. Nf3 d6 3. c3 Nf6 4. Be2 Nc6 5. d4 Bg4 6. d5 Bxf3 7. gxf3 Nb8 8. Nd2 g6 9. Nc4 Nbd7 10. a4 Bg7 11. Bg5 h6 12. Be3 Nb6 13. Qd2 Nxc4 14. Bxc4 a6 15. a5 Nd7 16. f4 b5 17. axb6 Qxb6 18. Qe2 Rb8 19. Bc1 a5 20. 0-0 0-0 21. Ra2 Qc7 22. Be3 Rb7 23. Rfa1 Rfb8 24. Bc1 Ra7 25. Bb5 Nb6 26. c4 a4 27. Ra3 Kh7 28. Qc2 Bd4 29. Rh3 Rg8 30. Raa3 Nd7 31. Rag3 Bg7 32. e5 f5 33. exf6 Bxf6 34. Qe4 Raa8 35. Qe6 Rad8 36. Qf7+ Rg7 37. Rxh6+ Kxh6 38. Rh3+ 1-0

[Event "EU-Cup 19th"]
[Site "Rethymno"]
[Date "2003.09.29"]
[Round "2.5"]
[White "Walek, Milan"]
[Black "Plakalovic, Predrag"]
[Result "1-0"]
[WhiteElo "2332"]
[BlackElo "2168"]
[PlyCount "125"]
[EventDate "2003.09.28"]
[EventType "team-swiss"]
[EventRounds "7"]
[EventCountry "GRE"]
[SourceTitle "CBM 098"]
[Source "ChessBase"]
[SourceDate "2004.02.03"]
[SourceVersion "1"]
[SourceVersionDate "2004.02.03"]
[SourceQuality "1"]
[WhiteTeam "Trinec"]
[BlackTeam "Glasinac"]
[WhiteTeamCountry "CZE"]
[BlackTeamCountry "BIH"]

1. e4 e5 2. Bc4 Nf6 3. d3 Bc5 4. Nc3 0-0 5. Be3 Bxe3 6. fxe3 c6 7. Bb3 d6 8. Nf3 a5 9. 0-0 Nbd7 10. a4 Nc5 11. Bc4 Be6 12. Bxe6 Nxe6 13. Qe1 Qb6 14. b3 Ng4 15. Nd1 f5 16. exf5 Rxf5 17. h3 Nh6 18. Nb2 Nf7 19. Nc4 Qa7 20. Kh2 Qb8 21. e4 Rf6 22. Nb6 Rxf3 23. Rxf3 Ra6 24. Nc4 Neg5 25. Rf5 g6 26. Rf6 d5 27. Nd2 Qd8 28. Qf2 dxe4 29. dxe4 Nd6 30. Rf1 Ra8 31. Qe3 Ngf7 32. R6f2 Qe7 33. Nc4 Nxc4 34. bxc4 Ng5 35. Rf6 Ne6 36. Rf7 Qxf7 37. Rxf7 Kxf7 38. Qb6 Nd8 39. Qc7+ Kf6 40. Qxh7 Nf7 41. Qh4+ Ke6 42. Qg4+ Ke7 43. Qxg6 Rd8 44. Qg3 Rd4 45. Qb3 Rd7 46. c5 Nd8 47. Qg3 Nf7 48. Qc3 Rd4 49. Qxa5 Kd7 50. Qa7 Nd8 51. a5 Ra4 52. c4 Kc8 53. Qb6 Ne6 54. Qb2 Rxa5 55. Qxe5 Nxc5 56. h4 b6 57. Qd6 Kb7 58. e5 Na6 59. h5 Ra4 60. Qd3 Nc5 61. Qc2 Rb4 62. h6 b5 63. h7 1-0

[Event "Belgrade Jezero op 09th"]
[Site "Belgrade"]
[Date "2003.08.22"]
[Round "9"]
[White "Babic, Marijana"]
[Black "Plakalovic, Predrag"]
[Result "1-0"]
[WhiteElo "2141"]
[BlackElo "2168"]
[PlyCount "45"]
[EventDate "2003.08.14"]
[EventType "swiss"]
[EventRounds "9"]
[EventCountry "YUG"]
[SourceTitle "EXT 2004"]
[Source "ChessBase"]
[SourceDate "2003.11.25"]
[SourceVersion "1"]
[SourceVersionDate "2003.11.25"]
[SourceQuality "1"]

1. e4 e5 2. Nf3 Nc6 3. d4 exd4 4. Nxd4 Bc5 5. Be3 Qf6 6. c3 Nge7 7. Bc4 0-0 8. 0-0 Bb6 9. f4 d6 10. Kh1 Bd7 11. Na3 Rae8 12. Qd2 Qh4 13. f5 Nxd4 14. cxd4 Bc6 15. f6 Ng6 16. fxg7 Kxg7 17. Bg5 Qg4 18. d5 Rxe4 19. dxc6 Ne5 20. Bh6+ Kg8 21. Bxf8 Nxc4 22. Nxc4 Re2 23. Qd5 1-0

[Event "Belgrade Jezero op 09th"]
[Site "Belgrade"]
[Date "2003.08.19"]
[Round "6"]
[White "Plakalovic, Predrag"]
[Black "Vasiljevic, Dragan"]
[Result "1/2-1/2"]
[WhiteElo "2168"]
[BlackElo "2327"]
[PlyCount "102"]
[EventDate "2003.08.14"]
[EventType "swiss"]
[EventRounds "9"]
[EventCountry "YUG"]
[SourceTitle "EXT 2004"]
[Source "ChessBase"]
[SourceDate "2003.11.25"]
[SourceVersion "1"]
[SourceVersionDate "2003.11.25"]
[SourceQuality "1"]

1. e4 d6 2. d4 g6 3. Nc3 Bg7 4. f4 a6 5. Be3 b5 6. Nf3 Bb7 7. Bd3 Nd7 8. a4 b4 9. Ne2 Ngf6 10. Ng3 c5 11. c3 0-0 12. cxb4 cxb4 13. h3 a5 14. 0-0 e6 15. Qd2 Rc8 16. Rf2 Nb6 17. Qe2 Bc6 18. b3 Bb7 19. Rc1 Rxc1+ 20. Bxc1 Qc7 21. Bb2 Qb8 22. Qe3 Qa8 23. Rc2 d5 24. e5 Ne4 25. Ng5 Nxg5 26. fxg5 Rc8 27. Rf2 Ba6 28. Bb1 Rc7 29. Nf1 Qe8 30. Bd3 Qc8 31. Nh2 Nd7 32. Ng4 Bxd3 33. Qxd3 Qd8 34. h4 Nb8 35. Qb5 Nd7 36. Kh2 h5 37. Nf6+ Bxf6 38. gxf6 Qa8 39. Rf1 Qa7 40. Qd3 Qb8 41. Rf2 Rc6 42. Qe3 Qf8 43. Kh1 Kh7 44. Kh2 Rc7 45. Kh3 Qh6 46. Qg5 Qxg5 47. hxg5 Nb8 48. Kg3 Kg8 49. Kf3 Rc8 50. g4 hxg4+ 51. Kxg4 Na6 1/2-1/2

[Event "Belgrade Jezero op 09th"]
[Site "Belgrade"]
[Date "2003.08.17"]
[Round "4"]
[White "Plakalovic, Predrag"]
[Black "Tadic, Katarina"]
[Result "1-0"]
[WhiteElo "2168"]
[BlackElo "2141"]
[PlyCount "63"]
[EventDate "2003.08.14"]
[EventType "swiss"]
[EventRounds "9"]
[EventCountry "YUG"]
[SourceTitle "EXT 2004"]
[Source "ChessBase"]
[SourceDate "2003.11.25"]
[SourceVersion "1"]
[SourceVersionDate "2003.11.25"]
[SourceQuality "1"]

1. e4 c5 2. Nf3 d6 3. c3 Nf6 4. Be2 Nc6 5. d4 cxd4 6. cxd4 Nxe4 7. d5 Qa5+ 8. Nc3 Nxc3 9. bxc3 Nb8 10. 0-0 g6 11. Qd4 Rg8 12. Bg5 h6 13. Be3 Bg7 14. Qc4 Nd7 15. Nd4 Nc5 16. Qb4 Qd8 17. Rae1 a6 18. f4 f5 19. Ne6 Nxe6 20. dxe6 Bxe6 21. Bb6 Qd7 22. Bd1 Bd5 23. Ba4 Bc6 24. Bb3 Rf8 25. Be6 Rc8 26. Bxd7+ Kxd7 27. Qb3 Be4 28. Bd4 e5 29. fxe5 dxe5 30. Rxe4 fxe4 31. Qd5+ Ke8 32. Qe6+ 1-0

[Event "BIH-chT 2nd"]
[Site "Jahorina"]
[Date "2003.06.26"]
[Round "8"]
[White "Covic, Darko"]
[Black "Plakalovic, Predrag"]
[Result "1-0"]
[WhiteElo "2352"]
[BlackElo "2168"]
[PlyCount "51"]
[EventDate "2003.06.21"]
[EventType "team-tourn"]
[EventRounds "9"]
[EventCountry "BIH"]
[SourceTitle "EXT 2019"]
[Source "ChessBase"]
[SourceDate "2018.10.10"]
[SourceVersion "1"]
[SourceVersionDate "2018.10.10"]
[SourceQuality "1"]
[WhiteTeam "Bugojno Napredak"]
[BlackTeam "Sokolac Glasinac"]
[WhiteTeamCountry "BIH"]
[BlackTeamCountry "BIH"]

1. d4 Nf6 2. c4 g6 3. Nc3 Bg7 4. Nf3 0-0 5. g3 d5 6. cxd5 Nxd5 7. Bg2 Nb6 8. 0-0 Nc6 9. e3 a5 10. b3 a4 11. Nxa4 Nxa4 12. bxa4 Bf5 13. Bb2 Be4 14. Bh3 Nb4 15. a3 Nd3 16. Bc3 Nc5 17. a5 Qe8 18. Bb4 Na4 19. Rc1 Bc6 20. Re1 Rd8 21. Qe2 Rd5 22. Bg2 Bb5 23. Qa2 Rd7 24. Bh3 Qd8 25. Qb3 Re8 26. Bxd7 1-0

[Event "BIH-chT 2nd"]
[Site "Jahorina"]
[Date "2003.06.24"]
[Round "6"]
[White "Narancic, Vlado"]
[Black "Plakalovic, Predrag"]
[Result "1-0"]
[WhiteElo "2362"]
[BlackElo "2168"]
[PlyCount "105"]
[EventDate "2003.06.21"]
[EventType "team-tourn"]
[EventRounds "9"]
[EventCountry "BIH"]
[SourceTitle "EXT 2019"]
[Source "ChessBase"]
[SourceDate "2018.10.10"]
[SourceVersion "1"]
[SourceVersionDate "2018.10.10"]
[SourceQuality "1"]
[WhiteTeam "Banja Luka"]
[BlackTeam "Sokolac Glasinac"]
[WhiteTeamCountry "BIH"]
[BlackTeamCountry "BIH"]

1. Nf3 Nf6 2. g3 g6 3. Bg2 Bg7 4. d3 0-0 5. c3 d5 6. 0-0 c5 7. Nbd2 Nc6 8. Qc2 Re8 9. e4 e5 10. Re1 d4 11. a3 Qe7 12. cxd4 Nxd4 13. Nxd4 cxd4 14. Nc4 b5 15. Na5 Be6 16. b4 Rac8 17. Qb2 Nd7 18. Bd2 Nb6 19. Rac1 Qd7 20. Rxc8 Rxc8 21. Rc1 Na4 22. Qa1 h5 23. Bf3 Kh7 24. Bd1 Nc3 25. f3 f5 26. Qb2 fxe4 27. dxe4 Bc4 28. Bg5 Qf7 29. Kg2 Rf8 30. Rxc3 dxc3 31. Qxc3 Bf6 32. Bxf6 Qxf6 33. Nxc4 bxc4 34. Qxc4 Qd6 35. Be2 Qd2 36. Kf2 Qd4+ 37. Qxd4 exd4 38. Ba6 Rf6 39. Bb5 Rb6 40. Be8 Kg7 41. b5 Rd6 42. Bc6 g5 43. a4 Rf6 44. a5 d3 45. e5 Rf5 46. Ke3 Rxe5+ 47. Kxd3 Kf6 48. b6 axb6 49. axb6 Re1 50. b7 Rb1 51. Kc4 Rc1+ 52. Kd5 Rb1 53. Kc5 1-0